000 00547nam a22002177a 4500
003 UA-OsUOA
001 57697
007 ta
008 20081230b un ||||| |||| 00| 0 ukr d
090 _a908
_bЗ-26
942 _cBR
040 _aUA-OsUOA
_bukr
_cUA-OsUOA
_dUA-OsUOA
245 _aЗамок в Острозі
_b(Пам'ятники архітектури 15-16 ст.)
300 _a19 с.
955 _a2
041 _aukr
080 _a908
260 _aК.
_c1959
650 7 _a908 Краєзнавство
_2UDC
999 _c343781
_d343781